UBT Library

SYNDROMES AND INHERITED DISORDERS (Record no. 59774)

000 -LEADER
fixed length control field 00343nam a22001457a 4500
008 - FIXED-LENGTH DATA ELEMENTS--GENERAL INFORMATION
fixed length control field 230518b ||||| |||| 00| 0 eng d
020 ## - INTERNATIONAL STANDARD BOOK NUMBER
International Standard Book Number 1579582265
041 ## - LANGUAGE CODE
Language code of text/sound track or separate title eng
080 ## - UNIVERSAL DECIMAL CLASSIFICATION NUMBER
Edition identifier 3RD EDITION
Universal Decimal Classification number 610.73GIL
082 ## - DEWEY DECIMAL CLASSIFICATION NUMBER
Classification number 610.73GIL
100 ## - Rafti
Rafti 9
101 ## - Shkurtesa
Shkurtesa INF
245 ## - TITLE STATEMENT
Title SYNDROMES AND INHERITED DISORDERS
Statement of responsibility, etc GILBERT.P
942 ## - ADDED ENTRY ELEMENTS (KOHA)
Source of classification or shelving scheme
Item type Books
Holdings
Withdrawn status Lost status Source of classification or shelving scheme Damaged status Not for loan Collection code Permanent location Current location Date acquired Total Checkouts Full call number Barcode Date last seen Price effective from Koha item type
          Koleksioni i përgjithshem UBT - Lipjan UBT - Lipjan 05/18/2023   610.73GIL 002-800080319 05/18/2023 05/18/2023 Books
UBT Library © 2015-2024. All rights reserved University Education for Business and Technology